000 00714nam a2200265Ia 4500
003 OSt
005 20221006150514.0
006 a|||||r|||| 00| 0
007 ta
008 221006b |||||||| |||| 00| 0 jpn d
020 _c¥980
024 _a18,864
037 _bGift, Japan Foundation
_cTextual
040 _aEASL
_cEASL
_bjpn
041 _2jpn
_ajpn
082 _aQ4.42.N8, M4
100 _aKUBO Tsugunari
_9656852
245 0 _aKorekara no nihonjin to bukkyo
260 _aTokyo
_bKadokawa Shoten Japan
_c1984
300 _a242p.
_ccm.
490 _v JL
650 _aJL
942 _hQ4.42.N8, M4
_cTEXL
_2CC
999 _c1086950
_d1086950